[Event "Breda m"]
[Site "Breda"]
[Date "1998.05.13"]
[Round "6"]
[White "Timman, Jan H"]
[Black "Van Wely, Loek"]
[Result "1-0"]
[WhiteElo "2635"]
[BlackElo "2605"]
[Annotator "Atlas,V"]
[PlyCount "41"]
[EventDate "1998.05.07"]
[EventType "match"]
[EventRounds "10"]
[EventCountry "NED"]
[SourceTitle "CBM 065"]
[Source "ChessBase"]
[SourceDate "1998.08.06"]
[SourceVersion "1"]
[SourceVersionDate "1998.08.06"]
[SourceQuality "1"]

1. e4 {King VanWely Hansen,Cu} c5 2. Nf3 d6 3. d4 cxd4 4. Nxd4 Nf6 5. Nc3 a6 6.
Be3 Nc6 7. h3 e6 8. g4 Be7 (8... d5 9. g5 Nd7 10. exd5 exd5 11. Qe2 Be7 12.
O-O-O O-O 13. Nf5 d4 14. Nxe7+ Qxe7 15. Bxd4 {1-0 Stocek,J-Ksieski,Z/BL2-S
1996/BL2 (50)}) (8... Nxd4 9. Qxd4 h6 10. O-O-O e5 11. Qd2 b5 12. Bg2 Be6 13.
Kb1 Be7 14. f4 Qc7 15. g5 hxg5 16. fxg5 Nd7 17. h4 Nb6 18. Bxb6 Qxb6 19. Bh3 g6
20. Nd5 {1-0 Stranz,R-Gattermayer,R/AUT-ch sf 1990/EXT 90ch (42)}) 9. Bg2 h6 (
9... O-O 10. f4 Nd7 11. O-O Rb8 12. Nce2 Re8 13. Qd2 Qc7 14. Nxc6 bxc6 15. c4
c5 16. Rad1 Rb4 17. b3 Nb8 18. Nc3 Nc6 19. Qf2 Bb7 20. e5 Nd4 21. exd6 Bxd6 22.
Bxb7 Rxb7 23. Ne4 Rd8 24. Bxd4 {1-0 Horvath,C-Arsovic,Z/Paks GM 1996/EXT 97 
(41)}) 10. f4 Qc7 11. O-O {King: It has always struck me that White's system
here is rather dangerous - for Black. I'm surprised it isn't employed more
frequently. He is ready for a kingside attack as his development is so good,
and the bishop on g2 does an excellent job of protecting the king and
supporting the centre while the pawns trundle up the board. In the
Scheveningen it very often takes three moves to get there, and here it's done
in one!} Nxd4 $6 {A dubious defence concept. Much more prudent was 11...Nd7 or
11...Na5/\Nc4.} ({King: As this doesn't turn out too well, it's worth looking
at some alternatives.} 11... Na5 {looks normalish, but I think White can
plunge in straightaway with} 12. g5 $1 hxg5 13. fxg5 Nh5 14. Qf3 Bf8 15. Ndb5
$5 $40) (11... Bd7 {King: is more solid. I have found three games which have
arrived at this position (albeit via different move-orders). Nevertheless, the
results have not been encouraging for Black:} 12. Qd2 (12. a4 Rc8 (12... O-O
13. g5 $5 hxg5 14. fxg5) 13. Nb3 Na5 14. Nxa5 Qxa5 15. Qd2 Rc4 16. Rad1 Bc6 17.
Qd3 Rb4 18. b3 O-O 19. g5 hxg5 20. fxg5 Nd7 21. Na2 Rb6 22. h4 Rc8 23. Bd4 e5
24. Qf3 Rf8 25. Bxb6 Qxb6+ 26. Kh1 Nc5 27. Nc3 Ne6 28. Ne2 g6 29. Qf2 Qc7 30.
Rd3 Kg7 31. Rf3 Bd8 32. Qe3 Be8 33. c4 Rh8 34. Rh3 a5 35. Rh2 Qc6 36. Nc3 Bb6
37. Qf3 Bd8 38. Nd5 Qc5 39. Qg3 Qd4 40. Qf3 Qc5 41. Bh3 Nd4 42. Qg3 Qa3 43. Qf2
Rf8 44. Nf6 Bc6 45. h5 Qxb3 46. hxg6 Qxc4 47. Qh4 {1-0, Short-Sokolov,
Rotterdam World Cup, 1989.}) 12... Rc8 ({King: Black does not find security on
the queenside:} 12... O-O-O $2 13. Qf2 $1 $16 {Cladouras-Kiefer, German
Bundesliga 1986.}) 13. Nb3 Na5 14. Nxa5 Qxa5 15. a3 Bc6 16. Qf2 Qc7 17. Bb6 Qb8
18. Rad1 O-O 19. Qg3 Nd7 20. Bd4 b5 21. h4 a5 22. g5 hxg5 23. hxg5 b4 24. Nd5
exd5 25. exd5 Bb5 26. Rf2 Rc4 27. Be4 Rxd4 28. Rxd4 Qa7 29. Qh3 f5 30. g6 Nf6
31. Bxf5 Be8 32. Be6+ Bf7 33. gxf7+ Rxf7 34. Rc4 {1-0, Castaneda-Acosta,
Bogota, 1991, Deadly finishing.}) 12. Qxd4 {[%cal Ge4e5,Gg2a8]} e5 $6 (12...
Bd7 {is bad in view of} 13. e5 dxe5 {King} 14. fxe5 Nh7 15. Ne4 $14) ({However,
} 12... Nd7 {was a good alternative:} 13. Rad1 (13. Qxg7 $4 Bf6) 13... O-O (
13... b5 $5)) 13. Qd2 {[%csl Rd5][%cal Gg4g5,Gg5f6,Gc3d5]} exf4 {King: This
brings all White's pieces into the attack while Black is still on the starting
blocks.} (13... Be6 {King: was obligatory:} 14. Nd5 (14. g5 exf4 $132) 14...
Bxd5 15. exd5 Nd7 {is rather frightening for Black, but he is still on the
board.}) 14. Rxf4 Be6 15. Raf1 O-O {/\ Nf6-d7-e5 Black could not wait with
castling, because of the threat 16.Bd4 followed by 17.Nd5.} (15... Nd7 $145 $5
16. Nd5 Bxd5 17. exd5 Ne5 {Looks not too bad}) 16. Rxf6 $1 {Launching the
series of impressive sacrifices, culminating in the irresistible final attack.}
Bxf6 17. Rxf6 $1 gxf6 18. Qf2 {[%csl Rf6,Rh6][%cal Gf2f6,Ge3h6,Gf2h4,Gh4f6,
Gh4h6,Ge3d4,Gd4f6] Hansen,Cu: How can this double exchange sacrifice be
explained? After all whites Bg2 is not a very good attacking piece - and white
more or less only attacks with Qf2 and Be3. The important aspect however is,
that black defends his K with even fever pieces. The rooks need to get to e6/
g6 to be able to defend Pf6/Ph6. The fact that white is attacking black
squares (f6/h6) also means that Be6 is not a very good defender.} (18. Bd4 {
Van Wely} Kh7 $1 19. Bxf6 Rg8 {/\ Rg8-g6}) 18... Kg7 $2 ({A grave mistake,
after which Black's position is unbearble. Essential was} 18... Qe7 19. Qh4 $1
{(19.Bd4?! Kg7), threatening 19.Qh6 and 19.Bd4 /\19...Kg7 20.g5!, with
excellent attacking perspectives for White and a rich compensation for the
sacrificed material} (19. Bd4 $6 Kg7) 19... Rfc8 {Hansen,Cu:} (19... Rfe8 {
Hansen,Cu: Stops e4-e5 because the black queen is protected and fxe5 is
possible} 20. Bd4 Kh7 (20... Kg7 21. g5 hxg5 22. Qxg5+ Kh7 23. Bxf6 Qf8 24. e5
$18) 21. Bxf6 Qf8 22. e5 d5 23. Bf1 $1 Rac8 24. Bd3+ Kg8 25. g5 $18) 20. e5 $1
{[%cal Yc3e4]} d5 (20... dxe5 {King} 21. Ne4 Rxc2 22. Nxf6+ $18) 21. exf6 $18)
(18... Qa5 $8 {Van Wely} 19. Bxh6 Qc5 (19... Rfc8 20. Nd5 Bxd5 21. Qxf6 $18)
20. Be3 Qa5 $16) 19. e5 $1 {[%csl Rf6,Rh6][%cal Gg2e4,Ge4h7,Gf2f6,Ge5f6]
Beautiful pawn advance, winning the game! Threatening 20.Qf6, White with tempo
vacates the e4-square for his light-squared bishop, which is absolutely
crucial for the success of his brilliant attack!} (19. Qh4 {Van Wely} Rh8 20.
Bd4 Qd8 21. g5 hxg5 22. Qxg5+ Kf8 23. Bxf6 Qb6+ 24. Kh1 Rh7) 19... fxe5 (19...
Qe7 {is impossible due to} 20. exf6+ Qxf6 21. Bd4) (19... dxe5 {is also
refuted by} 20. Bxh6+ $1) 20. Bxh6+ $1 {Final impressive sacrifice, signifying
the culmination of White's attack.} Kg6 ({The bishop capture leads to mate in
six:} 20... Kxh6 21. Qf6+ Kh7 22. Be4+ Bf5 23. Bxf5+ Kg8 24. Qg5+ Kh8 25. Qh6+
Kg8 26. Qh7#) 21. Qh4 $1 {[%csl Rg5,Rg7,Rh5][%cal Gh4h5,Gh4g5,Gg2e4,Ge4g6,
Gh6g5,Gh6g7]} ({And the final subtlety. After the queen thrust, White creates
manifold mate threats (22.Qh5+ Kf6 23. Qg5#; 22.Qg5+ Kh7 23.Qg7#, etc.)  Black
can avoid mate only at expense of huge material losses, e.g.:} 21. Qh4 Rg8 22.
Be4+ f5 23. Bxf5+ Kf7 (23... Bxf5 24. Qh5+ Kf6 25. Nd5+) 24. Qh5+ Ke7 25. Bg5+
Kf8 (25... Kd7 26. Qf7+ Kc6 27. Be4+ Kb6 28. Be3+) 26. Bxe6 $18) 1-0

[Event "Bad Homburg"]
[Site "Bad Homburg"]
[Date "1997.08.02"]
[Round "8"]
[White "Svidler, Peter"]
[Black "Hracek, Zbynek"]
[Result "1-0"]
[WhiteElo "2660"]
[BlackElo "2605"]
[Annotator "Atlas,V"]
[PlyCount "91"]
[EventDate "1997.07.26"]
[EventType "tourn"]
[EventRounds "9"]
[EventCountry "GER"]
[EventCategory "14"]
[SourceTitle "CBM 060"]
[Source "ChessBase"]
[SourceDate "1997.09.29"]
[SourceVersion "1"]
[SourceVersionDate "1997.09.29"]
[SourceQuality "1"]

1. e4 c5 2. Nf3 d6 3. d4 cxd4 4. Nxd4 Nf6 5. Nc3 a6 6. Be3 e6 7. g4 h6 8. f4
Qb6 9. a3 Bd7 $146 (9... Qxb2 $2 10. Na4 Qxa1 11. Qxa1 $18) (9... Nc6 10. Be2
Qc7 11. Nb3 b5 12. Bf3 Bb7 13. Qe2 O-O-O 14. O-O-O Be7 15. h4 Nd7 16. g5 g6 17.
Kb1 h5 18. Qf2 Kb8 19. Rhe1 Rhe8 20. a4 bxa4 21. Nxa4 $16 {1/2-1/2 Leko,
P-Polgar,J/Leon 1996 (35)}) 10. Bg1 Qc7 11. h3 (11. Qe2 Nc6 12. O-O-O O-O-O 13.
h3 Be7 14. Kb1 Nxd4 15. Bxd4 e5 16. Be3 exf4 17. Bxf4 Rhe8 18. Bg2 Be6 19. Rd4
Nd7 20. Rhd1 Ne5 21. Nd5 Bxd5 22. Rxd5 Bf6 23. Bf1 Re6 24. Qd2 Kd7 25. h4 $16 {
1-0 Hracek,Z-Stocek,J/Cesko 1996}) 11... Nc6 12. Qd2 Be7 13. O-O-O g5 $5 ({
Tempting, although a rather rash advance. More prudent was} 13... O-O-O {
White cannot immediately use the weakness of the b6-square, since e4-pawn is
attacked.} 14. g5 hxg5 15. fxg5 {both} Nh7 {and Nh5 yield Black good
counterplay.}) 14. fxg5 hxg5 15. Be2 (15. Be3 Nxg4) (15. Qxg5 $2 {fails to}
Nxe4 16. Qg7 Bf6) 15... Rg8 $6 (15... Ne5 {was a good alternative here. Black
has good counterchances after} 16. Be3 Nh7) 16. Be3 b5 (16... O-O-O 17. Nf3 {
, with the idea Na4, using the weakness of b6-square.} (17. Bxg5 $4 Nxd4 $19)
17... d5 (17... Ne5 18. Nxg5 Bc6 {deserves attention.}) 18. exd5 (18. Nxg5 {
fails to} d4) 18... Nxd5 19. Nxd5 exd5 20. Nxg5 $16) (16... Rc8 $5 {was the
best continuation here.}) 17. Rhf1 b4 (17... O-O-O {is effectively met now by}
18. Bxb5 axb5 19. Ndxb5 {, winning d6-pawn.}) 18. axb4 Nxb4 19. Kb1 Rb8 (19...
Qa5 $2 {/\Ne4 is bad in view of} 20. Nb3) ({After} 19... Nh7 {White has the
interesting resource} 20. Nd5 $5 {, with attack.}) 20. Bxg5 Nfd5 (20... Rxg5 {
is insufficient:} 21. Qxg5 Nxc2 22. Kxc2 Ba4+ 23. Kc1 Nxe4 24. Qg8+ Bf8 25.
Nxe6 $18) 21. Nxd5 Nxd5 22. exd5 (22. Bxe7 $2 {allows Black to force a draw by
perpetual:} Nc3+ 23. Kc1 Na2+ 24. Kb1 Nc3+) 22... Rxg5 ({Allows decisive
activation of White's pieces, but after} 22... Bxg5 23. Qd3 {/\Qh7 Black's
position is unbearable.}) 23. Qf4 $1 Rg7 24. Qh6 $1 Bf8 (24... Rg6 {loses after
} 25. Qh8+ Bf8 26. dxe6) 25. dxe6 Bxe6 26. Bxa6 (26. Nxe6 {was also winning:}
Qc3 27. Nxg7+ Bxg7 28. Bb5+ Rxb5 29. Rfe1+ Be5 30. Rxe5+ Qxe5 (30... dxe5 31.
Qh8+ Ke7 32. Qd8+ Ke6 33. Qd6#) 31. Qc1 $18) 26... Qc3 27. Bb5+ Rxb5 28. Nxb5
Qc4 29. Nc3 Rxg4 30. Qe3 Rh4 31. Rf3 Rh5 32. Rd4 {Black is lost. He has no
compensation for the exchange and the pawn, and White easily realizes his
advantage.} Qc6 33. Re4 d5 34. Rg4 Bc5 35. Rg8+ Kd7 36. Qe2 d4 37. Ne4 Be7 38.
Rd3 Qd5 39. Nc3 Re5 40. Qd1 dxc3 41. b3 Bf6 42. Rxd5+ Rxd5 43. Qf3 Ke7 44. Ra8
Bd4 45. Qf4 f5 46. Qh6 1-0

[Event "Linares 15th"]
[Site "Linares"]
[Date "1998.03.09"]
[Round "14"]
[White "Shirov, Alexei"]
[Black "Kasparov, Garry"]
[Result "1/2-1/2"]
[WhiteElo "2710"]
[BlackElo "2825"]
[Annotator "Atlas,V"]
[PlyCount "34"]
[EventDate "1998.02.22"]
[EventType "tourn"]
[EventRounds "12"]
[EventCountry "ESP"]
[EventCategory "21"]
[SourceTitle "CBM 064"]
[Source "ChessBase"]
[SourceDate "1998.06.02"]
[SourceVersion "1"]
[SourceVersionDate "1998.06.02"]
[SourceQuality "1"]

1. e4 c5 2. Nf3 d6 3. d4 cxd4 4. Nxd4 Nf6 5. Nc3 a6 6. Be3 e6 7. g4 h6 8. f4 e5
9. Nf5 h5 $1 $146 {[%csl Rg4][%cal Gg4g5,Gf6g4,Gh5g4] An important novelty,
yielding Black excellent counterplay.} ({The most popular continuation in this
position was} 9... Nc6 {(Kasparov's choice)} 10. Qf3 (10. Be2 g6 11. Ng3 exf4
12. Bxf4 Ne5 13. Qd4 Be6 14. O-O-O Qa5 15. Kb1 Be7 16. Nd5 Bxd5 17. exd5 Nfd7
18. Ne4 $16 {Shirov A.-Kamsky G./ Monte Carlo (Monaco) 1996.}) 10... g6 11.
O-O-O gxf5 12. exf5 e4 13. Nxe4 Nxe4 14. Qxe4+ Qe7 15. Qd3 Bg7 16. Bd2 O-O 17.
g5 hxg5 18. fxg5 Qe5 19. f6 Bf5 20. Qg3 Rfc8 21. Bc3 Nb4 22. Bxe5 Rxc2+ 23. Kb1
Re2+ 24. Ka1 Nc2+ 25. Kb1 Na3+ {1/2-1/2 Anand,V-Kasparov,G/Dos Hermanas 1996.
Still, post-mortem analysis showed that 16.Bb6 instead of the dubious 16.Bd2,
could yield White a durable advantage. Other moves played by Black in this
position are: 9...ef4 and 9...g6 - see Hansen's detailed survey in CBM 54.})
10. gxh5 ({Shirov chooses most prudent continuation leading to a quick draw.} 
10. fxe5 $6 Nxg4 {is in Black's favor.}) ({Most principal was} 10. g5 $5 Ng4
11. Bc1 g6 12. h3 gxf5 13. hxg4 fxg4 14. Nd5 Bg7 15. f5) 10... exf4 (10... Nxh5
11. fxe5 {seems dangerous for Black.}) 11. Bxf4 Nxh5 12. Nxd6+ (12. Bxd6 $4 {
loses in view of} Bxf5 13. Bxf8 Qh4+ 14. Kd2 Bg4 $19) 12... Bxd6 13. Bxd6 ({
White has no choice.} 13. Qxd6 $2 {loses after} Qh4+ 14. Bg3 Nxg3) 13... Qh4+ {
[%csl Rd2,Re1][%cal Gh4e1,Gg5d2,Gg5h4,Gh4g5]} 14. Kd2 Qg5+ (14... Bg4 $2 {
would be a wrong choice:} 15. Qe1 Qg5+ 16. Qe3 $16) 15. Ke1 ({Accepting a draw
by perpetual. After} 15. Kd3 $2 Rh6 {Black has a dangerous attack.}) 15... Qh4+
16. Kd2 Qg5+ 17. Ke1 Qh4+ 1/2-1/2

[Event "Olomouc AZ Sanace Cup"]
[Site "Olomouc"]
[Date "1998.08.10"]
[Round "3"]
[White "Betko, Lubomir"]
[Black "Mokry, Karel"]
[Result "1-0"]
[WhiteElo "2300"]
[BlackElo "2495"]
[Annotator "Atlas,V"]
[PlyCount "111"]
[EventDate "1998.08.08"]
[EventType "tourn"]
[EventRounds "9"]
[EventCountry "CZE"]
[EventCategory "10"]
[SourceTitle "CBM 067"]
[Source "ChessBase"]
[SourceDate "1998.11.30"]
[SourceVersion "2"]
[SourceVersionDate "1998.11.01"]
[SourceQuality "1"]

{[%mdl 2560]} 1. e4 c5 2. Nf3 e6 3. d4 cxd4 4. Nxd4 Nf6 5. Nc3 d6 6. g4 h6 7.
h3 Nc6 8. Bg2 a6 9. Be3 Be7 (9... Nxd4 10. Qxd4 e5 11. Qd2 Be6 12. f4 Be7 13.
f5 Bd7 14. O-O-O Bc6 {1/2-1/2 Hoeksema,H-Stohl,I/Groningen 1989/EXT 97 (14)}) (
9... Bd7 10. Qe2 Rc8 11. f4 Qc7 12. Nxc6 Bxc6 13. O-O-O b5 14. a3 Be7 15. h4 h5
16. gxh5 Nxh5 17. Rh3 Nf6 18. f5 e5 19. h5 Qb7 20. Bg5 Nh7 21. Bxe7 Kxe7 {
1/2-1/2 Rogers,I-Brenninkmeijer,J/Groningen 1989/CBM 16 (41)}) 10. Qe2 Nxd4 11.
Bxd4 e5 12. Be3 Be6 13. Nd5 ({A rare move. The alternatives are:} 13. O-O-O Qa5
(13... Rc8 14. Nd5 Bxd5 15. exd5 Nd7 16. Kb1 g6 17. f4 Kf8 18. h4 Bxh4 19. g5
Bg3 {0-1 Madl,I-Schlosser,P/Budapest 1989/TD 89\06 (28)}) 14. Kb1 Rc8 15. Nd5
Bxd5 16. exd5 Nd7 17. h4 Nc5 18. Bxc5 Rxc5 19. Be4 Kd8 20. Rh3 {1-0 Horvath,
T-Lazarev,V/AUT-chT2S 1993/EXT 97 (48)}) (13. f4 exf4 14. Bxf4 Nd7 15. O-O-O
Bg5 16. Bxg5 Qxg5+ 17. Kb1 Rc8 18. e5 O-O 19. Rxd6 Nxe5 20. Bd5 Bxd5 21. Rxd5 {
1/2-1/2 Tolnai,T-Akesson,R/Berlin 1988/TD 88\08 (87)}) (13. O-O Rc8 14. Qd2 O-O
15. Rfd1 Ne8 16. Nd5 Bxd5 17. Qxd5 Bg5 18. Qxb7 Bxe3 19. fxe3 Rxc2 {1/2-1/2
Murrey,J-Kuthan,A/Oberwart 1996/EXP 53 (38)}) 13... Bxd5 14. exd5 Nd7 15. O-O
O-O 16. Be4 Bg5 17. c4 a5 18. Bf5 Bxe3 19. fxe3 (19. Bxd7 $2 {is bad in view of
} Bxf2+) ({After} 19. Qxe3 Nc5 {Black has a good play. The text move opens the
f-file for white rooks, allowing White to exert pressure on Black's kingside.})
19... Nc5 20. Bc2 Qh4 21. Kg2 g6 22. Rf2 Kg7 23. Raf1 f6 24. Kh2 ({An
immediate bishop sacrifice} 24. Bxg6 $6 {would be an untimely action here:}
Kxg6 25. Qc2+ (25. Rf5 {is refuted by} Ne4 26. R1f3 (26. Rh5 Qg3+) 26... Ng5
$19) 25... f5 $1 ({White's idea would be justified after} 25... e4 26. Rf5 Nd3
27. Qe2 {, winning the black queen.} (27. Rh5 $2 Ne1+ $19)) 26. Rxf5 Kg7) 24...
Rf7 25. Rg2 {Now White threatens 26.Bg6, as after 26...Kg6 27.Rf5 Black cannot
save his queen.} Rh8 $4 {[%csl Rg6,Rh4][%cal Gc2g6,Gf1f5,Gf5h5,Gh5h4][%mdl
8192]} ({A blunder, yielding White a large advantage. Correct was} 25... e4 $1
{, with excellent play for Black, e.g.:} 26. Rf4 Qg5 {, and now} 27. Bxe4 $2 {
is bad in view of} Qe5 {threatening g6-g5}) 26. Bxg6 $1 {An impressive strike,
winning the black queen.} Kxg6 27. Rf5 {Threatening 28.Rh5.} Kg7 ({There was
no possibility to save the queen:} 27... h5 {is refuted by} 28. gxh5+ Kxf5 (
28... Kh7 29. Rg4 $18) 29. Qf3+ $18) 28. Rh5 Qg5 29. Rxg5+ fxg5 30. Qe1 (30.
Rf2 {was more consistent. After rook exchange, White had a straightforward way
to convert his advantage.}) 30... a4 {Again, 31. Rf2 was to be preferred. The
text move allows Black to consolidate his forces.} 31. h4 $6 Rhf8 32. b4 $6 {
A dubious enterprise.} (32. Qb1 Rf1 33. Qc2 {followed by 34.b4, was to be
preferred.}) 32... axb3 33. axb3 Nxb3 34. Qb4 Nc5 35. Qb6 Rf6 36. h5 R8f7 37.
Ra2 Nd3 38. Qb1 e4 39. Rg2 Kh7 40. Qa1 Ne5 41. Qb1 Nd3 42. Qb6 Kg7 $6 (42...
Ne5 {was more natural, as} 43. c5 {is met by} Nd7) 43. Qd4 $1 {An enterprising
sacrifice, which is, however, insufficient for win.} Ne1 44. Qxe4 Nxg2 45. Kxg2
Rc7 46. Qd4 Kf7 47. Kg3 Rc8 48. Qd3 Rf8 49. Qb3 Kg8 (49... Ke8 {wsa an option
here:} 50. e4 (50. Qxb7 Rf3+ {forces draw by perpetual}) 50... R8f7 51. c5 dxc5
52. e5 Rf3+ 53. Qxf3 Rxf3+ 54. Kxf3 Ke7 {equalizes.}) 50. e4 (50. Qxb7 $4 {
loses on the spot after} Rf2 $1 {/\R8f3#.}) 50... Re8 (50... R8f7 {suffices to
draw as well.}) 51. c5 {[%csl Rd6,Rg8][%cal Gc5d6,Gc5c6,Gd5d6,Ge4e5,Gb3g8] An
impressive brekthrough, which puts Black under pressure.} Rxe4 {A correct
reaction.} ({Bad was} 51... dxc5 52. d6+ Kf8 53. Qd5 {followed by e4-e5,
easily winning.}) 52. cxd6 Rff4 $4 {[%mdl 8192]} ({A terrible mistake. After
obvious} 52... Rxd6 53. Qxb7 Re8 {, followed by Red8, Black keeps a draw.}) 53.
d7 Rxg4+ 54. Kh3 Rh4+ 55. Kg2 Rhg4+ 56. Qg3 (56. Qg3 {A refutation. After}
Rxg3+ (56... Re2+ 57. Kf3) 57. Kxg3 {Black cannot prevent White's pawn
promotion.}) 1-0